000 01953cam a22004934i 4500
003 PE-LiUPU
005 20250731173015.0
008 150625s r 000 0 d
020 _a1573121606
035 _a(Sirsi) i9781573121606
040 _aPE-LiUPU
_bspa
_cPE-LiUPU
_erda
049 _aPRUA
082 0 4 _a222.1066
_bK38
_221
100 1 _aKelley, Page H.,
_eautor.
245 1 0 _aJourney to the Land of Promise :
_bGenesis - Deuteronomy /
_cPage H. Kelley.
264 1 _aGeorgia :
_bSmyth & Helwys Publishing,
_c1997.
300 _a119 páginas ;
_c23 centímetros
336 _atext
_2rdacontent
337 _aunmediated
_2rdamedia
338 _avolume
_2rdacarrier
490 0 _aAll the Bible
504 _aBibliografía al final de cada capítulo.
505 0 _aThe pentateuch. -Before Abraham was. -Pilgrims of faith. -Out of Egypt. -Covenant and law. -From Sinai to the plains of Moab.
526 _aSEG42
526 _aSEG41
526 _aSEG40
526 _aSEG39
526 _aP94
526 _aP87
526 _aP86
526 _aP85
526 _aP77
526 _aP76
526 _aP35
630 _aBiblia.
_pA.T.
_pPentateuco
_xCrítica, interpretación, etc.
942 _2ddc
_cBOOK
949 _a222.1061 K38
_wDEWEY
_c1
_i47276
_lCCODEBUL1
_mBUL
_r0
_sY
_tBOOK
_u2015-6-24
_xTEOLOGIA
_PP35
_0COMPRA
_o.STAFF. Colección General
949 _a222.1066 K38
_wDEWEY
_c1
_i44648
_lCCODEBUL1
_mBUL
_p11.00
_r0
_sY
_tBOOK
_u2015-6-25
_xTEOLOGIA
_PP35
_0COMPRA
_o.STAFF. Colección General
994 _aC0
_bPEPRU
596 _a1
999 _a222.1061 K38
_wDEWEY
_c23821
_i47276
_f2021-11-9
_g5
_lCCODEBUL1
_mBUL
_r0
_sY
_tBOOK
_u2015-6-24
_xTEOLOGIA
_PP35
_0COMPRA
_o.STAFF. Colección General
_d23821
999 _a222.1066 K38
_wDEWEY
_c1
_i44648
_f2021-11-9
_g5
_lCCODEBUL1
_mBUL
_p11.00
_r0
_sY
_tBOOK
_u2015-6-25
_xTEOLOGIA
_PP35
_0COMPRA
_o.STAFF. Colección General
980 _81
_gALBERTO SANCHEZ Responsable de Automatización